| 000 | 01085nam a2200229Ia 4500 | ||
|---|---|---|---|
| 001 | L264-20496 | ||
| 003 | IT-CnALBA | ||
| 008 | 170116s9999||||xx |||||||||||||| ||und|| | ||
| 040 |
_aIT-CnALBA _cIT-CnALBA |
||
| 041 | _aITALIANO | ||
| 100 | _aPASOTTI D. EZECHIELE, SSP. | ||
| 245 | 0 | _aLA CENA DEL SIGNORE. L'EUCARISTIA NEL SUO SIGNIFICATO PASQUALE. | |
| 250 | _a1a ed. | ||
| 260 |
_aCINISELLO BALSAMO (MI) _bEDIZIONI PAOLINE _c1981 [1° Ed.:1981 - Ed.Ling.Originale: 1981] |
||
| 300 | _a32 p. | ||
| 500 | _aCONGRESSO EUCARISTICO DIOCESANO, ANNO 1983. LA PASQUA, CENA DEL SIGNORE. CHIESA, NUOVO POPOLO DI DIO. LIBERAZIONE. BENEDIZIONE DI DIO. IL BANCHETTO. CIELI NUOVI, TERRA NUOVA. | ||
| 501 | _aSocietà San Paolo EM - Piazza San Paolo, 14 - 12051 ALBA (CN) (non commercial uses only) ® Copyright 2017 | ||
| 520 | _aCONGRESSO EUCARISTICO DIOCESANO, ANNO 1983. LA PASQUA, CENA DEL SIGNORE. CHIESA, NUOVO POPOLO DI DIO. LIBERAZIONE. BENEDIZIONE DI DIO. IL BANCHETTO. CIELI NUOVI, TERRA NUOVA. | ||
| 650 | _aCULTO PUBBLICO LITURGIA | ||
| 942 | _cBK | ||
| 957 | _71 | ||
| 999 |
_a25234 _bNO _g Copie: 1 _c279614 _d279614 |
||